000 00989cad a22002055a 4500
001 L149415
008 100224s2010 xxk f 000 0 eng d
035 _a(Sirsi) u149415
041 0 _aeng
050 0 4 _a331.2166 $2 18
245 0 0 _aTransparency in professional fees
_brecommendations
_h[electronic resource]
260 _a[London]
_bRICS
_c[2010]
520 _aThe recommendations of the RICS Transparency Working Group (TWG) set up in April 2009 to look at the subject of transparency of professional fees in property transactions and services. The final report is published separately [see L149356]. For up to date information on the Transparency Project is available at www.rics.org/transparency
521 _aAdvanced
590 _aKA
651 4 _aUnited Kingdom
_y
690 _aMANAGEMENT-BUSINESS MANAGEMENT-FEES
856 4 8 _uhttps://www.rics.org/Global/Downloads/transparency-recommendations.pdf
_zView the recommendations free of charge at www.rics.org
942 _n0
999 _c110492
_d110492